[Event "Czech Open A"]
[Site "Pardubice CZE"]
[Date "2009.07.27"]
[Round "4"]
[White "Mikheev,S"]
[Black "Potapov,P"]
[Result "1/2-1/2"]
[WhiteElo "2318"]
[BlackElo "2442"]

1.d4 d5 2.c4 c6 3.Nf3 Nf6 4.Nc3 e6 5.e3 Nbd7 6.Qc2 Bd6 7.b3 O-O 8.Be2 e5
9.cxd5 cxd5 10.Nb5 Bb4+ 11.Bd2 Bxd2+ 12.Nxd2 exd4 13.Nxd4 Ne5 14.O-O Bg4
15.f3 Bd7 16.Rfd1 Rc8 17.Qb2 Qe7 18.Nf1 Nc6 19.Rd2 Nxd4 20.Qxd4 Qa3 21.Qb2 Qxb2
22.Rxb2 Rc3 23.Rd1 h6 24.Kf2 Rfc8 25.Bd3 Be6 26.Ng3 Nd7 27.Ne2 R3c7 28.Rbd2 Ne5
29.Bb1 Nc6 30.Nf4 Ne7 31.e4 dxe4 32.Rd8+ Rxd8 33.Rxd8+ Kh7 34.Nxe6 fxe6 35.Bxe4+ g6
36.Rd6 e5 37.Re6 Kg7 38.Rxe5 Kf6 39.Rb5 b6 40.h4 Nf5 41.Bxf5 gxf5 42.a4 Rc2+
43.Kg3 Rb2 44.a5 bxa5 45.Kf4 Rxg2 46.Rxa5 Kg6 47.Rxa7 Kh5 48.Ra6 Rh2 49.Kg3 Rd2
50.Rb6 Rd4 51.b4 Rc4 52.Rb5 Kg6 53.Rb8 Kh5 54.b5 f4+ 55.Kf2 Rc2+ 56.Ke1 Kxh4
57.b6 Rb2 58.b7 h5 59.Kd1 Kh3 60.Kc1 Rb6 61.Kd2 h4 62.Kd3 Kh2 63.Ke4 Rb4+
64.Kf5 h3 65.Kg4 Kg2 66.Ra8 Rxb7 67.Ra2+ Kg1 68.Ra1+  1/2-1/2

[Event "Czech Open A"]
[Site "Pardubice CZE"]
[Date "2009.07.27"]
[Round "4"]
[White "Berchtenbreiter,M"]
[Black "Cerveny,M"]
[Result "1-0"]
[WhiteElo "2143"]
[BlackElo "2380"]

1.c4 Nf6 2.d4 c6 3.Nf3 d5 4.e3 e6 5.Nc3 Nbd7 6.Qc2 Bd6 7.g4 h6 8.Rg1 e5 9.cxd5 cxd5
10.Nb5 Bb8 11.dxe5 Nxe5 12.Be2 Bd7 13.Nfd4 Nfxg4 14.Nf5 Qf6 15.Nbd4 Nxf2
16.Bb5 Kd8 17.Bxd7 Nfd3+ 18.Ke2 Kxd7 19.Qa4+ Kc8 20.Rxg7 Bc7 21.Qb5 Rd8 22.Bd2 a6
23.Qb3 Kb8 24.Bb4 Re8 25.Rd1 a5 26.Be7 Qa6 27.Rxd3 Nxd3 28.Qxd3 Bxh2 29.Rxf7 Be5
30.Nb5 Qg6 31.Qxd5 Qg4+ 32.Kd2 Bc7 33.Bd6 Ra6 34.Rxc7 Rxd6 35.Rxb7+ Ka8 36.Nc7+  1-0

[Event "Czech Open A"]
[Site "Pardubice CZE"]
[Date "2009.07.27"]
[Round "4"]
[White "Akesson,R"]
[Black "Tuma,Ji"]
[Result "1-0"]
[WhiteElo "2469"]
[BlackElo "2288"]

1.d4 d5 2.c4 c6 3.Nc3 Nf6 4.e3 e6 5.Nf3 Nbd7 6.Qc2 Bd6 7.g4 Bb4 8.Rg1 Qe7
9.a3 Bxc3+ 10.bxc3 e5 11.cxd5 cxd5 12.a4 exd4 13.cxd4 Qb4+ 14.Nd2 Ne4 15.Bd3 Nxd2
16.Bxd2 Qd6 17.Rc1 Nb6 18.Ke2 Bd7 19.Qc7 Qe7 20.Qf4 O-O 21.Rc7 Rfc8 22.Rxb7 Nxa4
23.Bb4 Qe8 24.Qd6 Nb6 25.Qe5 Qxe5 26.dxe5 Bc6 27.Re7 a5 28.Bc5 Nc4 29.e6 fxe6
30.Bxc4 dxc4 31.Bd4 Be4 32.Rxg7+ Kf8 33.f3 Bd3+ 34.Kd2 Rd8 35.Rc7 Rdc8 36.Rxc8+ Rxc8
37.Ra1 Ra8 38.Ra4 Kg8 39.e4 Kf7 40.Bc3 Ra6 41.Ke3 Ra8 42.f4 Ra7 43.Kf3 Ra8
44.f5 exf5 45.exf5 Ra6 46.Rxa5 Rxa5 47.Bxa5 Bc2 48.Kf4 Bd1 49.Bc3 Be2 50.Bd4 Bd1
51.h3 Be2 52.Be5 Bf1 53.Kg3 Be2 54.Bc3 Bf1 55.h4 Be2 56.h5 Bd1 57.Bd2 Be2
58.Kh4 Kg7 59.Bc3+ Kf7 60.g5 Bd3 61.g6+ hxg6 62.hxg6+ Kf8 63.Kg5 Be4 64.f6 Bd5
65.Kf5 Bg8 66.Bb4+ Ke8 67.Kg5 c3 68.Bxc3 Bc4 69.Kh6 Kf8 70.Kh7 Bd5 71.Bb4+ Ke8
72.Kg7  1-0

[Event "Open"]
[Site "Stara Pazova SRB"]
[Date "2009.07.27"]
[Round "4"]
[White "Todorovic,GN"]
[Black "Kosic,D"]
[Result "1/2-1/2"]
[WhiteElo "2384"]
[BlackElo "2488"]

1.d4 d5 2.c4 e6 3.Nc3 c6 4.e3 Nf6 5.Nf3 Nbd7 6.Bd3 dxc4 7.Bxc4 b5 8.Be2 Bb7
9.O-O b4 10.Na4 c5 11.dxc5 Bxc5 12.a3 a5 13.Bd2 Be7 14.axb4 axb4 15.Qb3 Bd5
16.Bc4  1/2-1/2

[Event "14th Open"]
[Site "Creon FRA"]
[Date "2009.07.28"]
[Round "2"]
[White "Mohota,N"]
[Black "Basso,P"]
[Result "1/2-1/2"]
[WhiteElo "2315"]
[BlackElo "1966"]

1.d4 d5 2.c4 c6 3.Nc3 e6 4.e3 Nf6 5.Nf3 Nbd7 6.a3 Bd6 7.Bd3 e5 8.cxd5 cxd5
9.Nb5 Bb8 10.dxe5 Nxe5 11.Nxe5 Bxe5 12.Be2 Ne4 13.O-O O-O 14.f4 Bf6 15.Bf3 Re8
16.Qd3 b6 17.Nd4 Bb7 18.b4 Nd6 19.Ra2 Rc8 20.g4 h6 21.Rg2 Rc7 22.Kh1 Qc8
23.Bb2 Nc4 24.Bc1 Nd6 25.Qb1 Nc4 26.Nf5 d4 27.e4 Qa8 28.Re2 Ne3 29.Bxe3 Bxe4
30.Bxe4 Rxe4 31.Kg1 dxe3 32.h3 Rc3 33.Rc1 Rxc1+ 34.Qxc1 Rxf4 35.Qxe3 Qf3
36.Kh2 h5 37.Qxf3 Rxf3 38.Re3 hxg4 39.hxg4 Rxe3 40.Nxe3 Bb2 41.Nc4 Bc1 42.a4 Kf8
43.Kg3 Ke7 44.b5 Ke6 45.a5 bxa5 46.Nxa5 Be3 47.Kf3 Bb6 48.Nc6 f6 49.Ke4 g6
50.Nb4 f5+ 51.gxf5+ gxf5+ 52.Kf4 Bc7+ 53.Kg5 Ba5 54.Nc6 Bd2+ 55.Kh4 Be3 56.Kg3 f4+
57.Kf3 Kf5 58.Ne7+ Kg5 59.Nc6 Bc5 60.Ne5 Kf5 61.Nc6 Kg5 62.Ne5  1/2-1/2

[Event "Dutch Open"]
[Site "Dieren NED"]
[Date "2009.07.28"]
[Round "7"]
[White "Timman,J"]
[Black "Giri,A"]
[Result "1/2-1/2"]
[WhiteElo "2569"]
[BlackElo "2518"]

1.Nf3 d5 2.c4 c6 3.e3 Nf6 4.Nc3 e6 5.d4 Nbd7 6.Qc2 Bd6 7.Bd3 O-O 8.O-O dxc4
9.Bxc4 a6 10.Rd1 b5 11.Be2 Qc7 12.e4 e5 13.g3 exd4 14.Nxd4 Re8 15.Nf5 Bf8
16.Bf4 Ne5 17.Nd5 Nxd5 18.exd5 Qd7 19.Ne3 c5 20.a4 Bb7 21.axb5 axb5 22.Rxa8 Bxa8
23.Qf5 Qxf5 24.Nxf5 Ng6 25.Bxb5 Rd8 26.Ne3 Nxf4 27.gxf4 Bd6 28.Bc6 Bxf4 29.Rc1 Bxc6
30.dxc6 Bd6 31.Nf5 Bf8 32.Ra1 Rc8 33.Ra6 f6 34.Ne3 Kf7 35.Nc4 Rc7  1/2-1/2

[Event "zt 3.3 w"]
[Site "Ho Chi Minh City VIE"]
[Date "2009.07.28"]
[Round "8"]
[White "Le Thanh Tu"]
[Black "Sukandar,I"]
[Result "1-0"]
[WhiteElo "2310"]
[BlackElo "2311"]

1.d4 d5 2.c4 e6 3.Nf3 Nf6 4.Nc3 c6 5.e3 Nbd7 6.Qc2 Bd6 7.g4 dxc4 8.Bxc4 e5
9.Bd2 Nb6 10.Bxf7+ Kxf7 11.dxe5 Nxg4 12.exd6 Qf6 13.Ne4 Qg6 14.Rg1 Re8 15.h3 Kg8
16.Nfg5 Ne5 17.O-O-O Bf5 18.Qb3+ Kh8 19.f4 Bxe4 20.Nxe4 Qxe4 21.fxe5 Rxe5
22.Bc3 Rc5 23.Rg4 Qf3 24.Kb1 Rg8 25.Rdg1 Nd5 26.Bxg7+ Rxg7 27.Rxg7 Qf5+ 28.Ka1 Qf8
29.Qxb7  1-0

[Event "zt 3.3"]
[Site "Ho Chi Minh City VIE"]
[Date "2009.07.28"]
[Round "8"]
[White "So,W"]
[Black "Nguyen Huynh Minh Huy"]
[Result "1-0"]
[WhiteElo "2646"]
[BlackElo "2500"]

1.d4 d5 2.c4 c6 3.Nf3 Nf6 4.Nc3 e6 5.e3 Nbd7 6.Qc2 Bd6 7.b3 O-O 8.Be2 b6
9.O-O Bb7 10.Bb2 Qe7 11.Rfe1 Rfe8 12.Rad1 Rad8 13.Bf1 a6 14.e4 Nxe4 15.Nxe4 dxe4
16.Qxe4 Nf8 17.Qg4 f5 18.Qh5 Qf7 19.Qxf7+ Kxf7 20.g3 c5 21.Bg2 Kg8 22.dxc5 Bxc5
23.Ne5 Bxg2 24.Kxg2 b5 25.f4 Ng6 26.Nxg6 hxg6 27.cxb5 Rxd1 28.Rxd1 axb5 29.Rd7 Bf8
30.Kf3 b4 31.Be5 Ra8 32.Rd2 Rc8 33.Ke2 Be7 34.h4 Rc1 35.Rd7 Bf8 36.Rc7 Rg1
37.Kf2 Rd1 38.Ke2 Rg1 39.Kf3 Rf1+ 40.Kg2 Rd1 41.Ra7 Rd3 42.Kh3 Rd2 43.Ra5 Kf7
44.Bc7 Rc2 45.Bb6 Bd6 46.Bd4 Bf8 47.Bb6 Bd6 48.Ra7+ Kg8 49.Bd4 Bf8 50.Ra4 Bd6
51.Ra6 Bf8 52.Rxe6 Rxa2 53.Rxg6 Ra3 54.h5 Kh7 55.Rg5 Rxb3 56.Rxf5 Kg8 57.Rb5 Rd3
58.Be5 Re3 59.Rb8 Kf7 60.Rb7+ Kg8 61.Kh4 Ra3 62.g4 Ra6 63.g5  1-0

[Event "ch-AUT"]
[Site "Jenbach AUT"]
[Date "2009.07.28"]
[Round "4"]
[White "Tabernig,B"]
[Black "Schreiner,Pe"]
[Result "1/2-1/2"]
[WhiteElo "2323"]
[BlackElo "2188"]

1.d4 d5 2.c4 c6 3.Nf3 Nf6 4.e3 e6 5.Nc3 a6 6.Qc2 c5 7.cxd5 exd5 8.Be2 Nc6
9.a3 Bg4 10.dxc5 Bxc5 11.O-O Ba7 12.Rd1 O-O 13.b4 Rc8 14.Bb2 Qe7 15.Qb3 d4
16.exd4 Bxf3 17.Bxf3 Nxd4 18.Nd5 Nxf3+ 19.Qxf3 Nxd5 20.Rxd5 Rc2 21.Bd4 Re8
22.Re5 Bxd4 23.Rxe7 Rxe7 24.Qd3 Rce2 25.Rf1 Ba7 26.Qd8+ Re8 27.Qd7 R2e7 28.Qd5 Bb6
29.g3 Rd8 30.Qf3 g6 31.Rd1 Rxd1+ 32.Qxd1 Re6 33.Qd7 Rf6 34.Qxb7 Bxf2+ 35.Kg2 Bd4
36.g4 h6 37.Qd5 Bb2 38.a4 Re6 39.b5 axb5 40.axb5 Be5 41.b6 Re8 42.Qb5 Kf8
43.Qb4+ Kg7 44.Qe4 Kf8 45.Qe3 g5 46.h4 Bf4 47.Qc5+ Kg7 48.Qd4+ Kg8 49.Qd7 Re2+
50.Kf3 Re3+ 51.Kf2 gxh4 52.Qa4 Re6 53.Qxf4 Rxb6 54.Qd4 Re6 55.Kg2 Rg6 56.Kh3 Re6
57.Kxh4 Rg6 58.Qc3 Re6 59.Kg3 Rg6 60.Kf4 Re6 61.Kf5 Rg6 62.Qd4  1/2-1/2

[Event "ch-AUT"]
[Site "Jenbach AUT"]
[Date "2009.07.28"]
[Round "4"]
[White "Ragger,M"]
[Black "Halvax,G"]
[Result "1-0"]
[WhiteElo "2563"]
[BlackElo "2260"]

1.Nf3 Nf6 2.c4 e6 3.Nc3 d5 4.d4 c6 5.e3 Nbd7 6.Qc2 Bd6 7.Bd3 O-O 8.O-O dxc4
9.Bxc4 b5 10.Be2 Qc7 11.Bd2 a6 12.b4 e5 13.a3 exd4 14.exd4 Nb6 15.Ne4 Nxe4
16.Qxe4 f5 17.Qh4 f4 18.Rfe1 Bf5 19.Ne5 Bxe5 20.dxe5 Qxe5 21.Bc4+ Nxc4 22.Rxe5 Nxe5
23.Qxf4 Nc4 24.Bc3 Rad8 25.Qc7 Rd7 26.Qxc6 Nxa3 27.g4 Bxg4 28.h3 Bxh3 29.Rxa3 Rd1+
30.Kh2 Rd3 31.Qc5 Rf5 32.Qc8+ Rf8 33.Qxf8+ Kxf8 34.Bxg7+ Kxg7 35.Rxd3 Bf1
36.Rd6 Bc4 37.Rxa6 Bd3 38.Kg3 Bc4 39.Rb6 Bd3 40.Kf4 Bc4 41.Kg5 Kf8 42.Kh6 Bd3
43.Rd6 Be4 44.Rd4 Bg2 45.Kxh7 Kf7 46.Rd6 Be4+ 47.Kh6  1-0

[Event "2nd Open"]
[Site "Paleohora GRE"]
[Date "2009.07.28"]
[Round "9"]
[White "Fontaine,R"]
[Black "David,Alb"]
[Result "1-0"]
[WhiteElo "2540"]
[BlackElo "2565"]

1.Nf3 d5 2.d4 e6 3.c4 c6 4.e3 Nf6 5.Nc3 a6 6.Bd2 c5 7.cxd5 exd5 8.dxc5 Bxc5
9.Rc1 O-O 10.Be2 Nc6 11.O-O Qd6 12.Qc2 Ba7 13.Rfd1 Bg4 14.Be1 Rac8 15.Qa4 d4
16.exd4 Bxf3 17.Bxf3 Nxd4 18.Bxb7 Ng4 19.g3 Qh6 20.h3 Rb8 21.Bg2 Ne5 22.Kh1 Nd3
23.Qd7 Nxc1 24.Qxa7 Nb5 25.Nxb5 Rxb5 26.Qc7 Nxa2 27.Rd6 Qh5 28.Kh2 Qe2 29.Ba5 Qxf2
30.Bb6 Qxb2 31.Bd4 Qb4 32.Rd7 h6 33.h4 Qb3 34.Rd8 Qe6 35.Rxf8+ Kxf8 36.Qd8+ Qe8
37.Bxg7+  1-0

[Event "zt 3.3"]
[Site "Ho Chi Minh City VIE"]
[Date "2009.07.29"]
[Round "9"]
[White "Laylo,D"]
[Black "Zhang Zhong"]
[Result "1-0"]
[WhiteElo "2494"]
[BlackElo "2613"]

1.d4 Nf6 2.c4 e6 3.Nf3 d5 4.Nc3 c6 5.e3 Nbd7 6.Qc2 Bd6 7.b3 O-O 8.Be2 dxc4
9.bxc4 e5 10.O-O Re8 11.Rd1 Qe7 12.a4 e4 13.Nd2 Nf8 14.c5 Bc7 15.f3 exf3
16.Nxf3 Ba5 17.Ne5 Ng6 18.Nc4 Bxc3 19.Qxc3 Bg4 20.Bxg4 Nxg4 21.Rf1 Nf6 22.Nd6 Ne4
23.Qb3 Nxd6 24.cxd6 Qd7 25.Ra2 Re6 26.Raf2 f6 27.Ba3 Kh8 28.Rf3 Nf8 29.Rb1 b6
30.Rc1 Ree8 31.Qc2 Rac8 32.Qd3 Ne6 33.Qf5 Nf8 34.Qh5 c5 35.dxc5 Qxa4 36.Bb2 Rxc5
37.Rxc5 bxc5 38.Qf7 Qd7 39.Rxf6 Qxf7 40.Rxf7 Rb8 41.d7  1-0

[Event "zt 3.3"]
[Site "Ho Chi Minh City VIE"]
[Date "2009.07.29"]
[Round "9"]
[White "Paragua,M"]
[Black "Nguyen Hoang Nam1"]
[Result "1-0"]
[WhiteElo "2487"]
[BlackElo "2320"]

1.d4 d5 2.c4 c6 3.Nf3 Nf6 4.Nc3 e6 5.e3 Nbd7 6.Qc2 b6 7.Be2 Bb7 8.O-O Bd6
9.b3 O-O 10.Bb2 Qe7 11.Rad1 Rfe8 12.Rfe1 dxc4 13.bxc4 e5 14.h3 Rad8 15.Bf1 Bb8
16.g3 Qb4 17.a3 Qa5 18.Bg2 Ba6 19.Nd2 exd4 20.exd4 Qh5 21.Qa4 Bb7 22.Nf3 b5
23.Qb3 a6 24.c5 Bc8 25.g4 Qg6 26.Rxe8+ Rxe8 27.Bc1 Nd5 28.Nxd5 cxd5 29.Nh4 Qf6
30.Nf5 Nf8 31.Qxd5 g6 32.Nh6+ Kg7 33.g5 Qe7 34.Qf3 Ne6 35.d5 Nxg5 36.Bxg5 Qxg5
37.Qxf7+ Kxh6 38.Qxe8 Bxh3 39.Qe3  1-0

[Event "III Deportiva San Juan Open"]
[Site "Pamplona ESP"]
[Date "2009.07.29"]
[Round "4"]
[White "Aleksandrov,A"]
[Black "Ortiz Suarez,I"]
[Result "1-0"]
[WhiteElo "2616"]
[BlackElo "2504"]

1.d4 d5 2.c4 c6 3.Nf3 Nf6 4.e3 e6 5.Nc3 Nbd7 6.Qc2 Bd6 7.g4 h6 8.h3 a6 9.b3 e5
10.Bb2 e4 11.Nd2 Qe7 12.Be2 b5 13.h4 Bb7 14.O-O-O Nf8 15.f3 exf3 16.Bxf3 bxc4
17.bxc4 Ne6 18.Kb1 Rc8 19.c5 Bc7 20.Rdg1 g6 21.Be2 h5 22.g5 Nd7 23.Nb3 O-O
24.Re1 a5 25.e4 dxe4 26.Bc4 a4 27.Nxa4 Ra8 28.Nc3 Ba6 29.Bxa6 Rxa6 30.Rxe4 Rc8
31.d5 cxd5 32.Nxd5 Qf8 33.c6 Be5 34.Bxe5 Nxe5 35.Rxe5 Raxc6 36.Qd2 Rc2 37.Qb4  1-0

[Event "Czech Open A"]
[Site "Pardubice CZE"]
[Date "2009.07.29"]
[Round "6"]
[White "Khanukov,B"]
[Black "Petr,Ma"]
[Result "1/2-1/2"]
[WhiteElo "2379"]
[BlackElo "2478"]

1.d4 d5 2.c4 e6 3.Nc3 c6 4.e3 Nf6 5.Nf3 Nbd7 6.Qc2 Bd6 7.Be2 O-O 8.O-O dxc4
9.Bxc4 a6 10.Rd1 b5 11.Bf1 Qc7 12.e4 e5 13.Bg5 exd4 14.Rxd4 Ne5 15.Ne1 Neg4
16.g3 h6 17.Bxf6 Nxf6 18.Rd2 Bb7 19.Bg2 Rfe8 20.Rad1 Rad8 21.a3 a5 22.Nd3 Ng4
23.b4 axb4 24.axb4 Ne5 25.Nxe5 Bxe5 26.f4 Bd6 27.Qb3 Bc8 28.e5 Be7 29.Ne4 Bg4
30.Rxd8 Rxd8 31.Rxd8+ Qxd8 32.Nf2 Qd4 33.Bxc6 Bxb4 34.Qd3 Qxd3 35.Nxd3 Bc3
36.Bxb5 Be2 37.Kf2 Bxd3 38.Bxd3 g5 39.Kf3 gxf4 40.gxf4 f6 41.e6 Kf8 42.Kg4 Ke7  1/2-1/2

[Event "Czech Open A"]
[Site "Pardubice CZE"]
[Date "2009.07.29"]
[Round "6"]
[White "Pozin,S"]
[Black "Tuma,Ji"]
[Result "1/2-1/2"]
[WhiteElo "2421"]
[BlackElo "2288"]

1.Nf3 d5 2.d4 Nf6 3.c4 c6 4.Nc3 e6 5.e3 Nbd7 6.Qc2 Bd6 7.Be2 O-O 8.O-O Qe7
9.e4 Nxe4 10.Nxe4 dxe4 11.Qxe4 e5 12.Bg5 Qe8 13.Qh4 e4 14.Nd2 h6 15.Be3 f5
16.c5 Bc7 17.Bc4+ Kh7 18.Bf4 Bxf4 19.Qxf4 Nf6 20.f3 Be6 21.fxe4 fxe4 22.Rae1 Bd5
23.Bd3 Kh8 24.Qh4 exd3 25.Rxe8 Raxe8 26.Re1 Rxe1+ 27.Qxe1 Re8 28.Qg3 Re2
29.Qxd3 Rxg2+ 30.Kf1 Rxh2 31.a4 Ng4 32.b3 Rh1+ 33.Ke2 Rh2+ 34.Ke1 Rh1+ 35.Ke2 Rh2+
36.Ke1 Rh1+ 37.Ke2 Rh2+  1/2-1/2

[Event "Tchibo Open B"]
[Site "Pardubice CZE"]
[Date "2009.07.29"]
[Round "6"]
[White "Brokken,D"]
[Black "Dzalbo,A"]
[Result "1-0"]
[WhiteElo "2286"]
[BlackElo "2158"]

1.d4 d5 2.c4 c6 3.e3 e6 4.Nc3 Nf6 5.Nf3 Nbd7 6.Bd3 dxc4 7.Bxc4 b5 8.Bb3 b4
9.Ne2 Bb7 10.Ng3 Bd6 11.Qe2 c5 12.O-O O-O 13.Bd2 Qb6 14.Rfd1 Rfd8 15.Bc2 Rac8
16.Rac1 Bxg3 17.hxg3 Ne4 18.Be1 a5 19.Bd3 Ndf6 20.Bc4 h6 21.dxc5 Rxc5 22.Nd4 Rdc8
23.Nb3 R5c7 24.f3 Nd6 25.Bd3 a4 26.Rxc7 Rxc7 27.Nd2 Bd5 28.Bf2 Nf5 29.g4 Bxa2
30.gxf5 a3 31.bxa3 bxa3 32.Nc4 Qb3 33.fxe6 Rxc4 34.Bxc4 Qxc4 35.Rd8+ Kh7
36.Qxc4 Bxc4 37.e7 a2 38.Ra8 Ne8 39.e4 f6 40.Bd4 Bf7 41.f4 g5 42.f5 h5 43.g3 g4
44.Ra6 Kg7 45.e5 fxe5 46.Bxe5+ Kg8 47.Ra8 Kh7 48.Ra6 Kg8 49.Rh6 Bc4 50.Rxh5 Nd6
51.Rh8+ Kf7 52.f6 Bb5 53.Ra8 Ne8 54.Rxa2 Ke6 55.Ra8  1-0

[Event "Czech Open A"]
[Site "Pardubice CZE"]
[Date "2009.07.29"]
[Round "6"]
[White "Zakhartsov,Vi"]
[Black "Potapov,P"]
[Result "1-0"]
[WhiteElo "2541"]
[BlackElo "2442"]

1.d4 d5 2.Nf3 Nf6 3.c4 c6 4.Nc3 e6 5.e3 Nbd7 6.Bd3 dxc4 7.Bxc4 b5 8.Bd3 a6
9.e4 c5 10.e5 cxd4 11.Nxb5 axb5 12.exf6 gxf6 13.O-O Qb6 14.Qe2 Bb7 15.Bf4 Bd6
16.Bxd6 Qxd6 17.Be4 Bxe4 18.Qxe4 Rd8 19.Rfd1 Ne5 20.Nxd4 O-O 21.Qf4 f5 22.h3 f6
23.Qg3+ Kh8 24.Qb3 Rg8 25.Rac1 Qe7 26.Nxe6 Qb7 27.Nf4 Rxd1+ 28.Rxd1 Qe4 29.Qe3 Qc2
30.Qe2 Qa4 31.Nd5 f4 32.b3 Qa7 33.Nxf4 b4 34.Kh1 Qb7 35.Nd5 Qg7 36.f4 Ng6
37.Qe6 Rf8 38.Rc1 Nh4 39.Qg4 Qh6 40.Rc8  1-0

[Event "XXXV d'Esca Open"]
[Site "Sitges ESP"]
[Date "2009.07.29"]
[Round "8"]
[White "Barsov,A"]
[Black "Perez Mitjans,O"]
[Result "1-0"]
[WhiteElo "2511"]
[BlackElo "2438"]

1.d4 d5 2.c4 c6 3.Nf3 Nf6 4.Nc3 e6 5.e3 a6 6.Qc2 c5 7.cxd5 exd5 8.Be2 Nc6
9.Ne5 Be6 10.Nxc6 bxc6 11.O-O Qc7 12.e4 c4 13.Bg5 Be7 14.e5 Nd7 15.Bxe7 Kxe7
16.b3 cxb3 17.axb3 Qb6 18.Rfd1 g6 19.Na4 Qb4 20.Rd2 a5 21.Rc1 Rab8 22.Bd1 Rhc8
23.h3 Rb5 24.Qd3 c5 25.Qe3 Qa3 26.Rc3 Kf8 27.b4 Qa1 28.Ra3 Qc1 29.Rc3 Qa1
30.Ra3 Qc1 31.bxc5 Kg7 32.Rc3 Qa1 33.Ra3 Qc1 34.Rdd3 Qxe3 35.fxe3 Rb1 36.Nc3 Rc1
37.Ne2 Rb1 38.Nf4 Bf5 39.Rd2 Be4  1-0

[Event "Dutch Open"]
[Site "Dieren NED"]
[Date "2009.07.30"]
[Round "9"]
[White "Goudriaan,E"]
[Black "Kuipers,S"]
[Result "1/2-1/2"]
[WhiteElo "2107"]
[BlackElo "2324"]

1.d4 d5 2.c4 c6 3.Nf3 Nf6 4.Nc3 e6 5.e3 Nbd7 6.Qc2 Bd6 7.g4 h6 8.Bd2 dxc4
9.Bxc4 b5 10.Be2 Bb7 11.Rg1 Rc8 12.a3 Qe7 13.h4 a6 14.b4 e5 15.g5 hxg5 16.hxg5 Nd5
17.Ne4 exd4 18.Nxd6+ Qxd6 19.Qe4+ Kf8 20.Qxd4 c5 21.bxc5 Qxc5 22.Rc1 Qxd4
23.Rxc8+ Bxc8 24.Nxd4 Ne5 25.e4 Nb6 26.f4 Nec4 27.Bb4+ Ke8 28.g6 Rh4 29.f5 fxg6
30.Rxg6 Rxe4 31.Ne6 Bxe6 32.Rxe6+ Rxe6 33.fxe6 Nd5 34.Bh5+ Kd8 35.Bf8 g5
36.Bh6 Ke7 37.Bxg5+ Kxe6 38.Bg4+ Kd6 39.Bc8 a5 40.Bc1 Nde3 41.Ke2 Nc2 42.a4 b4
43.Kd3 Nb6 44.Kxc2 Nxc8 45.Kb3 Kd5 46.Bd2 Kc5 47.Be3+ Kd5 48.Bd2 Nb6 49.Bxb4 axb4
50.Kxb4 Nxa4 51.Kxa4  1/2-1/2

[Event "Centroamericano & Caribbean U20 w"]
[Site "Medellin COL"]
[Date "2009.07.30"]
[Round "1"]
[White "Echeverry,M"]
[Black "Romero,Da"]
[Result "1-0"]
[WhiteElo "1851"]
[BlackElo "2080"]

1.d4 d5 2.c4 e6 3.Nf3 Nf6 4.Nc3 c6 5.e3 Nbd7 6.a3 Be7 7.Be2 O-O 8.O-O Re8
9.b4 Nf8 10.Qb3 Ng6 11.Bb2 Bd7 12.Rfd1 b6 13.Rac1 Rc8 14.h3 Rc7 15.Ne5 Rf8
16.Nxd7 Qxd7 17.cxd5 exd5 18.b5 c5 19.dxc5 Rxc5 20.a4 Rd8 21.Na2 Qe6 22.Nb4 Rxc1
23.Bxc1 Bc5 24.Nc6 Ra8 25.Bf3 a6 26.Nd4 Qd6 27.bxa6 Rxa6 28.Nb5 Qd7 29.Bb2 Ne7
30.e4 d4 31.Bxd4 Bxd4 32.Rxd4 Qc8 33.e5 Ne8 34.Nd6 Nxd6 35.exd6 Nf5 36.d7 Qd8
37.Rd1 Ne7 38.Qb5 Ra7 39.Qxb6  1-0

[Event "ch-Euro Senior"]
[Site "Rogaska Slatina SLO"]
[Date "2009.07.30"]
[Round "9"]
[White "Djurkovic,M"]
[Black "Mlynek,P"]
[Result "1-0"]
[WhiteElo "2149"]
[BlackElo "2205"]

1.d4 d5 2.Nf3 c6 3.c4 e6 4.e3 Nf6 5.Nc3 Nbd7 6.Qc2 a6 7.b3 b5 8.Bd3 Bb7 9.Bb2 Bd6
10.O-O O-O 11.e4 dxe4 12.Nxe4 Nxe4 13.Bxe4 Nf6 14.Bd3 Qc7 15.h3 h6 16.c5 Be7
17.Ne5 Rad8 18.b4 Nd5 19.a3 Bf6 20.Bh7+ Kh8 21.Be4 a5 22.Qb3 Bxe5 23.dxe5 f5
24.exf6 gxf6 25.Qf3 Qg7 26.Rad1 axb4 27.axb4 e5 28.Bc1 f5 29.Bxd5 cxd5 30.Bb2 d4
31.c6 e4 32.Qf4 Bxc6 33.Rxd4 Rxd4 34.Bxd4 Qxd4 35.Qxh6+ Kg8 36.Qxc6 Qxb4
37.Rd1 Qe7 38.Rd7 Qf6 39.Qxb5 Rc8 40.Qd5+ Kf8 41.Rd6 Qf7 42.Qe5 Re8 43.Qh8+ Qg8
44.Rf6+ Ke7 45.Qh4 Kd7 46.Rxf5 Qg7 47.Qf4 Qa1+ 48.Kh2 Qd4 49.Qe3 Qd6+ 50.g3 Re7
51.h4 Ke8 52.h5 Qe6 53.g4 Rf7 54.Qf4 Rxf5 55.Qxf5 Qd6+ 56.Kh3 Qd4 57.h6 e3
58.Qe6+ Kf8 59.Qxe3 Qa1 60.Qf4+ Ke8 61.g5 Qh1+ 62.Kg4 Qd1+ 63.Qf3 Qb1 64.Qf6 Qd1+
65.f3 Qc2 66.Qe6+ Kd8 67.Qd5+ Kc7 68.Qe4 Qg2+ 69.Kf5 Kd7 70.h7 Qb2 71.Qe6+  1-0

[Event "XXXV d'Esca Open"]
[Site "Sitges ESP"]
[Date "2009.07.30"]
[Round "9"]
[White "Sundararajan,K"]
[Black "Arun Prasad,S"]
[Result "1/2-1/2"]
[WhiteElo "2506"]
[BlackElo "2556"]

1.d4 d5 2.c4 c6 3.Nf3 Nf6 4.Nc3 e6 5.e3 Nbd7 6.Qc2 Bd6 7.b3 O-O 8.Be2 e5
9.cxd5 cxd5 10.Nb5 Bb4+ 11.Bd2 Bxd2+ 12.Nxd2 exd4 13.Nxd4 Ne5 14.O-O Bd7
15.Rac1 Rc8 16.Qb2 Qe7 17.N2f3 Nxf3+ 18.Bxf3 Bg4 19.Rxc8 Rxc8 20.Rc1 Qd7
21.Bxg4 Nxg4 22.Rxc8+ Qxc8 23.h3 Nf6 24.Qa3 a6 25.Qe7 h5 26.Qe5 Qc1+ 27.Kh2 Qb2
28.Qb8+ Kh7 29.Qf4 Qxa2 30.Qg5 Qxf2 31.Nf5 Ne8 32.Qxh5+ Kg8 33.Ne7+ Kf8 34.Nxd5 Nf6
35.Qg5 Qd2 36.Nxf6 gxf6 37.Qc5+ Kg7 38.b4 Qd8 39.Kg3 b6 40.Qc6 a5 41.bxa5 bxa5
42.Qa4 Qd6+ 43.Kf3 Qd5+ 44.Kf2 Qd2+ 45.Kf3 Qd5+  1/2-1/2

[Event "ZMD Open"]
[Site "Dresden GER"]
[Date "2009.07.31"]
[Round "7"]
[White "Bluebaum,M"]
[Black "Wendling,F"]
[Result "1/2-1/2"]
[WhiteElo "2075"]
[BlackElo "1850"]

1.d4 d5 2.c4 c6 3.Nc3 Nf6 4.e3 e6 5.Nf3 Nbd7 6.Bd3 dxc4 7.Bxc4 b5 8.Bd3 Qc7
9.O-O Bd6 10.Bd2 Bb7 11.Qb3 Qb8 12.Rac1 O-O 13.Ne4 Nxe4 14.Bxe4 c5 15.Bxb7 Qxb7
16.dxc5 Nxc5 17.Qd1 Rfd8 18.Qe2 b4 19.Rc4 a5 20.Rfc1 Nd3 21.R1c2 a4 22.Be1 b3
23.axb3 axb3 24.Rd2 Nxe1  1/2-1/2

[Event "ZMD Open"]
[Site "Dresden GER"]
[Date "2009.07.31"]
[Round "7"]
[White "Gerntke,O"]
[Black "Beilfuss,B"]
[Result "1-0"]
[WhiteElo "1811"]
[BlackElo "1698"]

1.d4 d5 2.c4 e6 3.Nc3 c6 4.e3 Nf6 5.Nf3 Nbd7 6.cxd5 exd5 7.Qc2 Bd6 8.Bd3 g6
9.Bd2 O-O 10.O-O Qe7 11.Rfc1 a6 12.Rab1 Nb6 13.h3 Be6 14.b4 Qd7 15.Ne5 Bxe5
16.dxe5 Nh5 17.Ne2 Nc4 18.Bxc4 dxc4 19.Nd4 Bxh3 20.gxh3 Qxh3 21.Qxc4 Rae8
22.Qf1 Qg4+ 23.Qg2 Qxg2+ 24.Kxg2 Rxe5 25.Rc5 Re4 26.f3 Rh4 27.Be1 Rxd4 28.exd4 Nf4+
29.Kf1 Rd8 30.Bf2 Nd3 31.Rc4 Rd6 32.Bg3 Re6 33.Rb3 Re3 34.Kg2 Re2+ 35.Kh3 Nb2
36.Rc1 Rd2 37.Re1 Kg7 38.d5 cxd5 39.Rxb2 Rxb2 40.Be5+  1-0

[Event "ZMD Open"]
[Site "Dresden GER"]
[Date "2009.07.31"]
[Round "7"]
[White "Hera,I"]
[Black "Kempinski,R"]
[Result "1/2-1/2"]
[WhiteElo "2557"]
[BlackElo "2601"]

1.Nf3 d5 2.d4 Nf6 3.c4 c6 4.Nc3 e6 5.e3 a6 6.b3 Bb4 7.Bd2 O-O 8.Bd3 Nbd7
9.O-O Bd6 10.Rc1 Re8 11.h3 e5 12.dxe5 Nxe5 13.Nxe5 Rxe5 14.f4 Re8 15.cxd5 cxd5
16.Qf3 Bb4 17.Be1 Qa5 18.Kh2 Bd7 19.e4  1/2-1/2

[Event "Centroamericano & Caribbean U20"]
[Site "Medellin COL"]
[Date "2009.07.31"]
[Round "3"]
[White "Martinez Romero,M"]
[Black "Zapata Hincapie,J"]
[Result "1-0"]
[WhiteElo "2135"]
[BlackElo "2005"]

1.d4 d5 2.c4 c6 3.Nc3 Nf6 4.Nf3 e6 5.e3 Nbd7 6.Qc2 a6 7.Bd2 dxc4 8.Bxc4 b5
9.Be2 c5 10.O-O Bd6 11.Ne4 Nxe4 12.Qxe4 Rb8 13.Qg4 O-O 14.dxc5 Nxc5 15.Bc3 e5
16.Qh5 g6 17.Qh6 Qe7 18.Rfd1 Ne4 19.Rxd6 Nxd6 20.Nxe5 Nf5 21.Qf4 Rb6 22.Bb4 Qh4
23.Qxh4 Nxh4 24.Bxf8 Kxf8 25.Rc1 Be6 26.a3 Rd6 27.Rd1 Ke7 28.Kf1 Nf5 29.Nd3 Bb3
30.Rc1 Bc4 31.Ne5 Bxe2+ 32.Kxe2 Ke6 33.Nd3 Ne7 34.Rc7 Rc6 35.Rxc6+ Nxc6 36.Nc5+ Kd5
37.Nxa6 Kc4 38.Nc7 b4 39.axb4 Nxb4 40.Ne8 Kb3 41.Nd6 f5 42.Nf7 Kxb2 43.Ng5 h5
44.Ne6 Nd5 45.Kd3 Kc1 46.Kd4 Nb4 47.Nf4 Kd2 48.Nxg6 Ke2 49.Ke5 Kxf2 50.Kxf5 Kxe3
51.h4 Nc6 52.Ne5 Ne7+ 53.Kf6 Nd5+ 54.Kg7 Nf4 55.Kf6 Nd5+ 56.Kg5 Nf4  1-0

[Event "Czech Open A"]
[Site "Pardubice CZE"]
[Date "2009.07.31"]
[Round "8"]
[White "Stohl,I"]
[Black "Berezjuk,S"]
[Result "1-0"]
[WhiteElo "2549"]
[BlackElo "2406"]

1.d4 d5 2.c4 c6 3.Nc3 Nf6 4.e3 e6 5.Nf3 Nbd7 6.Bd3 dxc4 7.Bxc4 b5 8.Bd3 b4
9.Ne4 Nxe4 10.Bxe4 Bb7 11.O-O Bd6 12.a3 bxa3 13.b3 Qe7 14.Nd2 Nf6 15.Bf3 O-O
16.Nc4 Bb4 17.Bxa3 a5 18.Qc2 Nd5 19.Bxb4 axb4 20.Ne5 Qd6 21.Rfe1 Nc3 22.Nd3 f6
23.Nc5 Qe7 24.Qd3 Nd5 25.Qc4 Rfb8 26.e4 Nc7 27.Rxa8 Bxa8 28.Ra1 Nb5 29.Qxe6+ Qxe6
30.Nxe6 Kf7 31.d5 f5 32.exf5 cxd5 33.g4 Kf6 34.Be2 Nc3 35.Bd3 Bc6 36.Ra6 Rc8
37.Nd4  1-0

[Event "Continental ch-Americas"]
[Site "Sao Paulo BRA"]
[Date "2009.07.31"]
[Round "8"]
[White "Molina,Rob"]
[Black "Perez Rodriguez,L"]
[Result "0-1"]
[WhiteElo "2371"]
[BlackElo "2512"]

1.d4 d5 2.c4 c6 3.e3 Nf6 4.Nc3 e6 5.Nf3 Nbd7 6.Qc2 Bd6 7.Bd3 O-O 8.O-O dxc4
9.Bxc4 a6 10.a4 c5 11.dxc5 Bxc5 12.Ne4 Nxe4 13.Qxe4 Nf6 14.Qc2 b6 15.Rd1 Qc7
16.b3 Bb7 17.Qe2 Ng4 18.h3 Bxf3 19.Qxf3 Qh2+ 20.Kf1 Qe5 21.hxg4 Qxa1 22.Bd2 Qe5
23.Be1 a5 24.Rd3 Bb4 25.Bxb4 axb4 26.Qd1 Qh2 27.f4 Qh1+ 28.Kf2 Qxd1 29.Rxd1 Rfd8
30.Rxd8+ Rxd8 31.Ke2 Kf8 32.g3 Ke7 33.Ke1 h6 34.Ke2 g5 35.Bb5 Rg8 36.Kf3 Rc8  0-1